Logistics Market Trends North America (Record no. 119225)
[ view plain ]
| 000 -LEADER | |
|---|---|
| fixed length control field | 01154cas a22002415 4500 |
| 001 - CONTROL NUMBER | |
| control field | L147749 |
| 008 - FIXED-LENGTH DATA ELEMENTS--GENERAL INFORMATION | |
| fixed length control field | 110214c2010 xxuqr ws s 0 a0eng u |
| 035 ## - SYSTEM CONTROL NUMBER | |
| System control number | (Sirsi) u147749 |
| 041 0# - LANGUAGE CODE | |
| Language code of text/sound track or separate title | eng |
| 050 ## - LIBRARY OF CONGRESS CALL NUMBER | |
| Classification number | 333.33 $2 18 |
| 110 2# - MAIN ENTRY--CORPORATE NAME | |
| Corporate name or jurisdiction name as entry element | Grubb & Ellis |
| 9 (RLIN) | 5905 |
| 245 00 - TITLE STATEMENT | |
| Title | Logistics Market Trends North America |
| Medium | [electronic resource] |
| 260 ## - PUBLICATION, DISTRIBUTION, ETC. | |
| Place of publication, distribution, etc. | Santa Ana |
| Name of publisher, distributor, etc. | Grubb & Ellis |
| Date of publication, distribution, etc. | 2010- |
| 362 0# - DATES OF PUBLICATION AND/OR SEQUENTIAL DESIGNATION | |
| Dates of publication and/or sequential designation | Current semi-annual issue only |
| 490 #0 - SERIES STATEMENT | |
| Series statement | Logistics Market Trends North America |
| Volume/sequential designation | H1 2010- |
| 520 ## - SUMMARY, ETC. | |
| Summary, etc. | Focuses on logistics property market conditions in the United States. Lists Class A logistics market vacancy and rental rates for over 50 cities. Presents key metrics of the US logistics market and analyses port container activity. Concludes with a spotlight on a particular regional logistics market. Tables. |
| 554 ## - | |
| -- | Two per year |
| 650 24 - SUBJECT ADDED ENTRY--TOPICAL TERM | |
| Topical term or geographic name entry element | GRUBB & ELLIS LOGISTICS MARKET TRENDS NORTH AMERICA |
| 651 #4 - SUBJECT ADDED ENTRY--GEOGRAPHIC NAME | |
| Geographic name | United States |
| Chronological subdivision | 1959- |
| 690 ## - LOCAL SUBJECT ADDED ENTRY--TOPICAL TERM (OCLC, RLIN) | |
| Topical term or geographic name as entry element | PROPERTY-COMMERCIAL PROPERTY-COMMERCIAL PROPERTY MARKET |
| 856 48 - ELECTRONIC LOCATION AND ACCESS | |
| Uniform Resource Identifier | <a href="https://www.grubb-ellis.com/Research/Reports.aspx">https://www.grubb-ellis.com/Research/Reports.aspx</a> |
| Public note | View the report free of charge at www.grubb-ellis.com |
| 942 ## - ADDED ENTRY ELEMENTS (KOHA) | |
| Suppress in OPAC | 0 |
| Withdrawn status | Lost status | Source of classification or shelving scheme | Damaged status | Not for loan | Home library | Current library | Shelving location | Date acquired | Total Checkouts | Full call number | Barcode | Date last seen | Price effective from | Koha item type |
|---|---|---|---|---|---|---|---|---|---|---|---|---|---|---|
| Dewey Decimal Classification | Virtual | Virtual | Online | 12/06/2009 | ONLINE PUBLICATION | 147749-2001 | 06/08/2019 | 06/08/2019 | Journal |